Loading...
| Current Events | 4 | 20.00 | 100% | 75% | 25% |
| Fine Arts - Auditory Fine Arts | 4 | 20.00 | 75% | 75% | 50% |
| Fine Arts - Other Fine Arts | 5 | 14.00 | 100% | 40% | 0% |
| Fine Arts - Visual Fine Arts | 3 | 16.67 | 100% | 67% | 0% |
| Geography | 1 | 10.00 | 100% | 0% | 0% |
| History - American History | 5 | 26.00 | 100% | 100% | 60% |
| History - European History | 6 | 15.00 | 83% | 50% | 17% |
| History - Other History | 3 | 20.00 | 67% | 100% | 33% |
| History - World History | 4 | 17.50 | 75% | 75% | 25% |
| Literature - American Literature | 2 | 25.00 | 100% | 100% | 50% |
| Literature - British Literature | 5 | 16.00 | 80% | 60% | 20% |
| Literature - European Literature | 5 | 22.00 | 100% | 100% | 20% |
| Literature - World Literature | 4 | 25.00 | 100% | 75% | 75% |
| Mythology | 2 | 20.00 | 100% | 50% | 50% |
| Other Academic | 1 | 10.00 | 100% | 0% | 0% |
| Philosophy | 3 | 20.00 | 67% | 100% | 33% |
| Religion | 5 | 20.00 | 80% | 100% | 20% |
| Science - Biology | 4 | 20.00 | 75% | 75% | 50% |
| Science - Chemistry | 4 | 17.50 | 75% | 50% | 50% |
| Science - Other Science | 4 | 15.00 | 100% | 50% | 0% |
| Science - Physics | 4 | 20.00 | 100% | 75% | 25% |
| Social Science | 7 | 14.29 | 86% | 57% | 0% |